000 00694nam a2200241 a 4500
999 _c11452
_d11452
001 11452
003 BD-JhCC
005 20190922112445.0
008 190619s2011 cau 001 0 eng d
020 _a9781259002465
020 _a1259002462
035 _a(BD-JhCC)11452
040 _aCoFHP
_cDLC
_dMYG
_dBD-JhCC
041 _aeng
082 0 0 _a005.13/3
_221
_bSCH 2011
100 1 _aSchildt, Herbert.
245 1 0 _aJava :
_bthe complete reference /
_cHerbert Schildt
260 _aNew Delhi,
_aCanada,
_aNew York :
_bOsborne McGraw-Hill,
_cc2011.
300 _axxx, 1116 p. ;
_c22 cm.
_bill. ;
500 _aIncludes index.
650 0 _aJava (Computer program language)
942 _2ddc
_cBK